Cameron Boyce Filmography - Statistics

General Stats
  • This quiz has been taken 58 times
    43 since last reset
  • The average score is 11 of 36
Answer Stats
Type Year Name % Correct
TV Show 2011-2015 Jessie
97%
TV Film 2015 Descendants
94%
TV Film 2017 Descendants 2
79%
TV Film 2019 Descendants 3
71%
Film 2010 Grown Ups
71%
Film 2013 Grown Ups 2
65%
TV Show 2016 Bunk'd
47%
Film 2020 Runt
47%
TV Show 2015-2017 Descendants: Wicked World
35%
TV Show 2015-2017 Gamer's Guide to Pretty Much Everything
35%
TV Show 2012-2015 Jake and the Never Land Pirates
35%
TV Show 2011 Good Luck Charlie
32%
Film 2008 Mirrors
32%
TV Show 2016 Code Black
29%
TV Show 2015 Liv and Maddie
29%
TV Show 2019 Mrs. Fletcher
29%
Film 2008 Eagle Eye
26%
TV Show 2021 Paradise City
26%
Film 2011 Judy Moody and the Not Bummer Summer
24%
TV Show 2017 Marvel's Spider-Man
24%
TV Show 2011 Shake It Up
24%
TV Show 2008 General Hospital: Night Shift
21%
Documentary 2020 Showbiz Kids
21%
Music Video 2019 Almost (Sweet Music)
15%
Video Game 2010 Just Dance Kids
15%
TV Film 2018 Steps
15%
TV Show 2014 Ultimate Spider-Man
15%
Short Film 2011 Game On
12%
Commercial 2009 Kellogg's Froot Loops Cereal Straws
12%
Music Video 2008 That Green Gentleman
12%
Web Series 2010 The Legion of Extraordinary Dancers
12%
TV Short 2019 Wicked Woods: A Descendants Halloween Story
12%
TV Special 2019 Descendants 3: Break This Down
9%
TV Mini-Series 2016-2017 Disney Best Day Ever
9%
TV Special 2016 Disney Parks Presents: A Descendants Magical Holiday Celebration
6%
Commercial 2008 Subaru
6%
No matching quizzes found
Score Distribution
Percent of People with Each Score
Percentile by Number Answered
Your Score History
You have not taken this quiz since the last reset